000 00618nam a22002057a 4500
005 20240522080221.0
008 240520b |||||||| |||| 00| 0 eng d
020 _a9789390717484
040 _aIN-DiNC
_cIN-DiNC
041 _dben
082 _a891.444
_bPRA
245 _aPrabahaman Bangla sahitya o sanskriti/
_ced. by Prabhakar Mandal and Arindrajit Banerjee
250 _a1st ed.
260 _aKolkata:
_bJoyjit Mukhopadhaya, Sopan,
_c2021.
300 _a504p.
650 _aBengali literature and culture
700 _aMandal, Prabhakar
_eEditor
700 _aBanerjee, Arindrajit
_eEditor
942 _2ddc
_cBK
999 _c11833
_d11833